|
|
|
|
| LEADER |
00000nab a2200000 ar4500 |
| 001 |
vtls008418882 |
| 003 |
SK-MaSNL |
| 005 |
20260303070053.0 |
| 008 |
051215c20051205xo sr|p|||||||000 b|slo |
| 015 |
|
|
|a SNBRB2005/12
|2 snkbucl
|
| 038 |
|
|
|a SNKBUCL
|
| 040 |
|
|
|a SNKBUCL
|b slo
|c SNKBUCL
|e AACR2
|
| 041 |
0 |
|
|a slo
|
| 044 |
|
|
|a xo
|c SK
|
| 080 |
|
|
|a 796.323.2.093.1
|x (437.6)
|2 UDC-MRF-SK2
|
| 245 |
0 |
0 |
|a Bratislavčania už môžu otvárať šampanské
|b prvý zápas finále Slovenského pohára Inter - Spišská Nová Ves 92:63 (24:17, 47:37, 74:50)
|
| 300 |
|
|
|b Tab.
|
| 648 |
|
7 |
|a sezóna 2005/2006
|2 snkbucl
|9 1033192
|
| 650 |
0 |
7 |
|a basketbal
|2 snkbucl
|9 3290
|
| 650 |
0 |
7 |
|a Slovenský pohár
|2 snkbucl
|9 839689
|
| 650 |
0 |
7 |
|a muži
|2 snkbucl
|9 4888
|
| 650 |
0 |
7 |
|a finále
|2 snkbucl
|9 861496
|
| 773 |
0 |
|
|t Šport
|g Roč. 59, č. 283 (8.12.2005), s. 32
|x 0139-7001
|
| 852 |
|
|
|a SNK
|b KIS3GCP
|
| 999 |
|
|
|c 1753800
|d 1755730
|